[Event "Villa Ballester Verano op 62nd"]
[Site "Villa Ballester"]
[Date "2012.01.20"]
[Round "2"]
[White "Felz Krueger, Gabriel"]
[Black "Caramia, Javier"]
[Result "1/2-1/2"]
[WhiteElo "1764"]
[BlackElo "2146"]
[PlyCount "55"]
[EventDate "2012.01.19"]
[EventType "swiss"]
[EventRounds "9"]
[EventCountry "ARG"]
[SourceTitle "EXT 2013"]
[Source "ChessBase"]
[SourceDate "2012.11.22"]
[SourceVersion "1"]
[SourceVersionDate "2012.11.22"]
[SourceQuality "1"]

1. d4 Nf6 2. Nc3 c5 3. d5 d6 4. e4 e5 5. Bg5 Be7 6. Bxf6 Bxf6 7. Be2 a6 8. a4 Nd7 9. Nf3 Nf8 10. 0-0 Ng6 11. g3 Bh3 12. Re1 h5 13. Bf1 Qd7 14. Bxh3 Qxh3 15. Qe2 h4 16. Nd1 Rd8 17. Ne3 Ne7 18. c4 hxg3 19. fxg3 g6 20. Qg2 Qxg2+ 21. Kxg2 Bg7 22. Rab1 a5 23. Rf1 0-0 24. Nh4 Bh6 25. Rbe1 Bxe3 26. Rxe3 Kg7 27. Ref3 f6 28. b3 1/2-1/2

[Event "Villa Ballester Verano op 60th"]
[Site "Villa Ballester"]
[Date "2010.01.20"]
[Round "1"]
[White "Medina, Exequiel Alexis"]
[Black "Caramia, Javier"]
[Result "0-1"]
[WhiteElo "1638"]
[BlackElo "2175"]
[PlyCount "80"]
[EventDate "2010.01.20"]
[EventType "swiss"]
[EventRounds "9"]
[EventCountry "ARG"]
[SourceTitle "CBM 134 Extra"]
[Source "ChessBase"]
[SourceDate "2010.03.03"]
[SourceVersion "1"]
[SourceVersionDate "2010.03.03"]
[SourceQuality "1"]

1. e4 c5 2. Nf3 e6 3. d4 cxd4 4. Nxd4 a6 5. Nc3 Qc7 6. Be3 Nf6 7. Be2 Bb4 8. f3 d5 9. exd5 Bxc3+ 10. bxc3 Qxc3+ 11. Kf2 Nxd5 12. Qd2 Qxe3+ 13. Qxe3 Nxe3 14. Kxe3 e5 15. Nb3 Ke7 16. Rab1 Nc6 17. Nc5 b5 18. Rhe1 Rd8 19. Rbd1 Rxd1 20. Rxd1 Nb4 21. Nd3 Nxc2+ 22. Kf2 Kf6 23. Rc1 Nd4 24. Rc5 Be6 25. a3 Nxe2 26. Kxe2 Rc8 27. Rxc8 Bxc8 28. Nb4 Ke6 29. Kd3 Kd6 30. Kc3 Bb7 31. Kd3 f5 32. Ke3 f4+ 33. Kd3 a5 34. Nc2 Kc5 35. Kc3 e4 36. fxe4 Bxe4 37. Ne1 b4+ 38. axb4+ axb4+ 39. Kb3 g5 40. h3 h5 0-1

[Event "Villa Ballester Verano op 59th"]
[Site "Villa Ballester"]
[Date "2009.01.25"]
[Round "5"]
[White "Pierrot, Juan Facundo"]
[Black "Caramia, Javier"]
[Result "1/2-1/2"]
[WhiteElo "2424"]
[BlackElo "2159"]
[PlyCount "108"]
[EventDate "2009.01.06"]
[EventType "swiss"]
[EventRounds "9"]
[EventCountry "ARG"]
[SourceTitle "CBM 128 Extra"]
[Source "ChessBase"]
[SourceDate "2009.03.05"]
[SourceVersion "2"]
[SourceVersionDate "2009.03.25"]
[SourceQuality "1"]

1. d4 Nf6 2. c4 e6 3. Nc3 c5 4. Nf3 cxd4 5. Nxd4 Nc6 6. Ndb5 d5 7. Bf4 e5 8. cxd5 exf4 9. dxc6 bxc6 10. Qxd8+ Kxd8 11. Rd1+ Bd7 12. Nd6 Bxd6 13. Rxd6 Rb8 14. b3 Rb4 15. g3 Ke7 16. Rd2 fxg3 17. hxg3 c5 18. Bg2 Be6 19. Nd5+ Nxd5 20. Bxd5 a5 21. Bxe6 Kxe6 22. Rh5 f5 23. Rc2 g6 24. Rh6 Kd5 25. Kd2 c4 26. Rc3 cxb3 27. axb3 a4 28. bxa4 Rxa4 29. Ke3 Re8+ 30. Kf3 Re7 31. Rd3+ Kc5 32. Rh1 Rd4 33. Ra3 Kd5 34. Ra6 Ke5 35. e3 Rd6 36. Rxd6 Kxd6 37. Kf4 Kd7 38. Kg5 Ke6 39. Ra1 Ke5 40. Ra4 Rb7 41. f4+ Kd5 42. g4 Rb3 43. gxf5 gxf5 44. Kxf5 Rxe3 45. Ra7 Kd6 46. Rxh7 Rf3 47. Kg5 Ke6 48. Rh6+ Kf7 49. Ra6 Rf1 50. Kf5 Rb1 51. Ra7+ Kf8 52. Kg5 Rb6 53. f5 Rc6 54. f6 Rc1 1/2-1/2

[Event "LNA Puma Cup"]
[Site "Argentina"]
[Date "2006.09.09"]
[Round "2"]
[White "Slipak, Sergio"]
[Black "Caramia, Javier"]
[Result "1/2-1/2"]
[WhiteElo "2463"]
[BlackElo "2169"]
[PlyCount "39"]
[EventDate "2006.09.03"]
[EventType "swiss"]
[EventRounds "8"]
[EventCountry "ARG"]
[SourceTitle "EXT 2008"]
[Source "ChessBase"]
[SourceDate "2007.11.25"]
[SourceVersion "1"]
[SourceVersionDate "2007.11.25"]
[SourceQuality "1"]

1. d4 Nf6 2. Nf3 c5 3. d5 e6 4. c4 d6 5. Nc3 exd5 6. cxd5 g6 7. Bf4 a6 8. a4 Qe7 9. h3 Nbd7 10. e3 Bg7 11. Be2 0-0 12. 0-0 Ne8 13. a5 Rb8 14. Na4 Nc7 15. Rc1 b5 16. axb6 Nxb6 17. Nxb6 Rxb6 18. b3 Bf5 19. Bd3 Nxd5 20. Bg5 1/2-1/2

[Event "LNA Puma Cup"]
[Site "Argentina"]
[Date "2006.09.03"]
[Round "1"]
[White "Caramia, Javier"]
[Black "Macagno, Sergio"]
[Result "1/2-1/2"]
[WhiteElo "2169"]
[BlackElo "2320"]
[PlyCount "45"]
[EventDate "2006.09.03"]
[EventType "swiss"]
[EventRounds "8"]
[EventCountry "ARG"]
[SourceTitle "EXT 2008"]
[Source "ChessBase"]
[SourceDate "2007.11.25"]
[SourceVersion "1"]
[SourceVersionDate "2007.11.25"]
[SourceQuality "1"]

1. Nf3 d5 2. c4 c6 3. e3 e6 4. b3 f5 5. Bb2 Nf6 6. h3 Nbd7 7. Rg1 Nc5 8. Ne5 Bd6 9. g4 0-0 10. gxf5 exf5 11. cxd5 cxd5 12. b4 Ncd7 13. Nxd7 Bxd7 14. Qb3 Be6 15. Nc3 Qe7 16. Bg2 Qf7 17. Bxd5 Bxd5 18. Nxd5 Ne8 19. Nf6+ Nxf6 20. Bxf6 Qxb3 21. Rxg7+ Kh8 22. Rf7+ Kg8 23. Rg7+ 1/2-1/2

[Event "Villa Ballester op 56th"]
[Site "Villa Ballester"]
[Date "2006.01.15"]
[Round "9"]
[White "Caramia, Javier"]
[Black "Aguilar, Andres"]
[Result "0-1"]
[WhiteElo "2187"]
[BlackElo "2256"]
[PlyCount "106"]
[EventDate "2006.01.03"]
[EventType "swiss"]
[EventRounds "9"]
[EventCountry "ARG"]
[SourceTitle "CBM 110 Extra"]
[Source "ChessBase"]
[SourceDate "2006.03.10"]
[SourceVersion "2"]
[SourceVersionDate "2006.03.10"]
[SourceQuality "1"]

1. e4 c5 2. Nf3 d6 3. d4 cxd4 4. Nxd4 Nf6 5. Nc3 g6 6. g3 Bg7 7. Bg2 0-0 8. 0-0 Qb6 9. Nde2 Nc6 10. h3 Be6 11. Nd5 Bxd5 12. exd5 Nb4 13. c3 Na6 14. a4 Nc5 15. Nd4 a6 16. Re1 Rae8 17. a5 Qc7 18. c4 e5 19. dxe6 Nxe6 20. Nxe6 fxe6 21. Qb3 Nd7 22. Be3 Nc5 23. Qa3 Nd7 24. Rac1 Ne5 25. Bb6 Qe7 26. Red1 Rc8 27. b3 Nf7 28. Re1 Rc5 29. b4 Rf5 30. Be4 Rh5 31. g4 Rh4 32. Bd5 Ng5 33. Bg2 Qf7 34. Qg3 Rh6 35. f4 Qxf4 36. Qxf4 Rxf4 37. Bxb7 Nxh3+ 38. Kg2 Rxg4+ 39. Kf3 Rhh4 40. Rxe6 Ng5+ 41. Kf2 Nxe6 42. Bd5 Kf7 43. b5 axb5 44. a6 Rh2+ 45. Kf3 Rf4+ 46. Ke3 Rh3+ 47. Ke2 bxc4 48. Be3 Rh2+ 49. Ke1 Ke7 50. a7 Ra2 51. Bxc4 Rxc4 52. Rxc4 Nc5 53. Rc2 Rxa7 0-1

[Event "Villa Ballester IRT op"]
[Site "Villa Ballester"]
[Date "2005.02.01"]
[Round "8"]
[White "Zuriel, Marisa"]
[Black "Caramia, Javier"]
[Result "1/2-1/2"]
[WhiteElo "2213"]
[BlackElo "2187"]
[PlyCount "30"]
[EventDate "2005.01.22"]
[EventType "swiss"]
[EventRounds "9"]
[EventCountry "ARG"]
[SourceTitle "CBM 104 Extra"]
[Source "ChessBase"]
[SourceDate "2005.03.01"]
[SourceVersion "1"]
[SourceVersionDate "2005.03.01"]
[SourceQuality "1"]

1. e4 c5 2. Nf3 e6 3. d4 cxd4 4. Nxd4 Nc6 5. Nc3 d6 6. Be2 Nf6 7. 0-0 Be7 8. Be3 0-0 9. f4 e5 10. Nb3 exf4 11. Bxf4 Be6 12. Bf3 Ne5 13. Kh1 Rc8 14. Nd4 Qb6 15. Rb1 Nxf3 1/2-1/2

[Event "Villa Ballester IRT op"]
[Site "Villa Ballester"]
[Date "2005.01.26"]
[Round "4"]
[White "Caramia, Javier"]
[Black "Vidmar, Rafael Lucio"]
[Result "1-0"]
[WhiteElo "2187"]
[BlackElo "1909"]
[PlyCount "55"]
[EventDate "2005.01.22"]
[EventType "swiss"]
[EventRounds "9"]
[EventCountry "ARG"]
[SourceTitle "CBM 104 Extra"]
[Source "ChessBase"]
[SourceDate "2005.03.01"]
[SourceVersion "1"]
[SourceVersionDate "2005.03.01"]
[SourceQuality "1"]

1. c4 Nf6 2. Nc3 c5 3. Nf3 Nc6 4. d4 cxd4 5. Nxd4 Nxd4 6. Qxd4 d6 7. Bg5 Qc7 8. e4 a6 9. Be2 Be6 10. Rc1 Rc8 11. 0-0 h6 12. Be3 Nd7 13. f4 Nf6 14. Nd5 Qc5 15. Qd3 Qc6 16. b4 Bxd5 17. cxd5 Qd7 18. Rxc8+ Qxc8 19. Rc1 Qd8 20. b5 a5 21. b6 e6 22. Qb5+ Nd7 23. dxe6 fxe6 24. Bh5+ Ke7 25. Rc7 Rg8 26. Bf7 Rh8 27. Bg6 h5 28. Qg5# 1-0

[Event "Villa Ballester LV op"]
[Site "Villa Ballester"]
[Date "2005.01.16"]
[Round "9"]
[White "Granara Barreto, Sebastian A"]
[Black "Caramia, Javier"]
[Result "1/2-1/2"]
[WhiteElo "2238"]
[BlackElo "2187"]
[PlyCount "117"]
[EventDate "2005.01.05"]
[EventType "swiss"]
[EventRounds "9"]
[EventCountry "ARG"]
[SourceTitle "CBM 104 Extra"]
[Source "ChessBase"]
[SourceDate "2005.03.01"]
[SourceVersion "1"]
[SourceVersionDate "2005.03.01"]
[SourceQuality "1"]

1. e4 c5 2. Nf3 e6 3. d4 cxd4 4. Nxd4 Nc6 5. Nc3 a6 6. Be2 Qc7 7. Be3 Nf6 8. 0-0 Be7 9. f4 d6 10. Kh1 0-0 11. Qe1 Bd7 12. Qg3 b5 13. a3 Nxd4 14. Bxd4 Bc6 15. Bf3 a5 16. Rae1 b4 17. axb4 axb4 18. e5 Ne8 19. Ne4 Bxe4 20. Bxe4 d5 21. Bd3 g6 22. Qe3 Ng7 23. g4 f5 24. exf6 Bxf6 25. f5 exf5 26. Bxf6 Rxf6 27. Qd4 Raf8 28. Ra1 Qd8 29. gxf5 Nxf5 30. Bxf5 Rxf5 31. Rxf5 Rxf5 32. Qxb4 Qf6 33. Qb5 h5 34. Re1 Kg7 35. b3 Rf2 36. Qd7+ Kh6 37. Qh3 Rf3 38. Qg2 h4 39. Qd2+ g5 40. Qe2 Rf2 41. Qd3 Rxh2+ 42. Kxh2 Qf2+ 43. Kh3 Qxe1 44. Qf3 Qe6+ 45. Kh2 g4 46. Qf8+ Kg6 47. Qf1 g3+ 48. Kg1 Qe3+ 49. Kg2 Qd2+ 50. Kh3 Qxc2 51. Kxh4 g2 52. Qg1 Kf5 53. Kg3 Ke4 54. Qxg2+ Qxg2+ 55. Kxg2 Kd3 56. Kf2 Kc3 57. Ke2 d4 58. Kd1 Kxb3 59. Kd2 1/2-1/2

[Event "Villa Ballester LV op"]
[Site "Villa Ballester"]
[Date "2005.01.08"]
[Round "3"]
[White "Rissotti, Laureano"]
[Black "Caramia, Javier"]
[Result "1-0"]
[WhiteElo "2300"]
[BlackElo "2187"]
[PlyCount "85"]
[EventDate "2005.01.05"]
[EventType "swiss"]
[EventRounds "9"]
[EventCountry "ARG"]
[SourceTitle "CBM 104 Extra"]
[Source "ChessBase"]
[SourceDate "2005.03.01"]
[SourceVersion "1"]
[SourceVersionDate "2005.03.01"]
[SourceQuality "1"]

1. e4 c5 2. c3 Nf6 3. e5 Nd5 4. d4 cxd4 5. Nf3 e6 6. cxd4 d6 7. Nc3 Nxc3 8. bxc3 Qc7 9. Bd2 Nd7 10. exd6 Bxd6 11. Bd3 b6 12. 0-0 Bb7 13. Re1 Bf4 14. Bxf4 Qxf4 15. Ne5 Nxe5 16. Rxe5 0-0 17. Qc2 g6 18. Rae1 Rac8 19. Be4 Bxe4 20. R1xe4 Qf6 21. h4 Rfd8 22. Qd2 Rd5 23. Rxd5 exd5 24. Re5 h5 25. g3 Qc6 26. Re3 Kg7 27. Kg2 Rc7 28. Rf3 Qd6 29. Qg5 Re7 30. Re3 Rxe3 31. Qxe3 Qd7 32. Qe5+ f6 33. Qb8 Qe7 34. Qc8 Qe4+ 35. Kh2 Qf3 36. Kg1 g5 37. Qc7+ Kg6 38. hxg5 fxg5 39. Qxa7 h4 40. Qxb6+ Kh5 41. Qe6 Qd1+ 42. Kg2 hxg3 43. Qh3+ 1-0

[Event "Villa Ballester op 53th"]
[Site "Villa Ballester"]
[Date "2003.01.15"]
[Round "6"]
[White "Caramia, Javier"]
[Black "Dos Santos, Ramiro"]
[Result "0-1"]
[WhiteElo "2187"]
[BlackElo "2390"]
[PlyCount "56"]
[EventDate "2003.01.15"]
[EventType "swiss"]
[EventRounds "9"]
[EventCountry "ARG"]
[SourceTitle "CBM 092 Extra"]
[Source "ChessBase"]
[SourceDate "2003.03.07"]
[SourceVersion "1"]
[SourceVersionDate "2003.03.07"]
[SourceQuality "1"]

1. Nf3 d5 2. d4 Nf6 3. c4 dxc4 4. Nc3 a6 5. e4 b5 6. e5 Nd5 7. a4 e6 8. axb5 Nb6 9. Be2 Be7 10. Be3 0-0 11. Qc2 Bb7 12. 0-0 Qd7 13. bxa6 Nxa6 14. Na4 Nb4 15. Nxb6 cxb6 16. Qd2 b5 17. Ng5 h6 18. Nh3 Rfc8 19. Nf4 Be4 20. Nh5 Nd5 21. Ng3 Bb4 22. Qc1 Rxa1 23. Qxa1 Bg6 24. Qa6 Nxe3 25. fxe3 Bd2 26. Kf2 c3 27. bxc3 Bxe3+ 28. Ke1 Rxc3 0-1

[Event "Intercorp-chT"]
[Site "Buenos Aires"]
[Date "2001.??.??"]
[Round "?"]
[White "Caramia, Javier"]
[Black "Casoy, Gaspar"]
[Result "0-1"]
[WhiteElo "2194"]
[BlackElo "2340"]
[PlyCount "64"]
[EventDate "2001.09.??"]
[EventType "team"]
[EventRounds "4"]
[EventCountry "ARG"]
[SourceTitle "CBM 085 Extra"]
[Source "ChessBase"]
[SourceDate "2002.01.21"]
[SourceVersion "1"]
[SourceVersionDate "2002.01.21"]
[SourceQuality "1"]

1. c4 e6 2. Nf3 d5 3. b3 Nf6 4. g3 c5 5. Bg2 Nc6 6. 0-0 Be7 7. e3 0-0 8. Bb2 b6 9. Nc3 dxc4 10. bxc4 Bb7 11. d3 Nb4 12. Ne1 Bxg2 13. Kxg2 Qd7 14. a3 Nc6 15. f4 b5 16. g4 Rad8 17. g5 Ne8 18. Qh5 f6 19. Ne4 f5 20. Rf3 g6 21. Qh6 fxe4 22. Rh3 Bd6 23. dxe4 e5 24. f5 Qg7 25. fxg6 Qxg6 26. Qxg6+ hxg6 27. Nf3 Rd7 28. Rh6 Rh7 29. Rxg6+ Kf7 30. Rh6 Rxh6 31. gxh6 Rg8+ 32. Kf2 Nf6 0-1

[Event "Villa Ballester op 51st"]
[Site "Villa Ballester"]
[Date "2001.??.??"]
[Round "4"]
[White "Caramia, Javier"]
[Black "Scarella, Enrique Alejandro"]
[Result "1/2-1/2"]
[WhiteElo "2204"]
[BlackElo "2349"]
[PlyCount "111"]
[EventDate "2001.01.02"]
[EventType "swiss"]
[EventRounds "9"]
[EventCountry "ARG"]
[SourceTitle "CBM 080 Extra"]
[Source "ChessBase"]
[SourceDate "2001.03.08"]
[SourceVersion "1"]
[SourceVersionDate "2001.03.08"]
[SourceQuality "1"]

1. d4 d5 2. c4 dxc4 3. Nf3 Nf6 4. Nc3 c5 5. d5 e6 6. e4 exd5 7. e5 Nfd7 8. Bg5 Be7 9. Bxe7 Qxe7 10. Nxd5 Qd8 11. Bxc4 Nc6 12. 0-0 0-0 13. Re1 Nb6 14. Nxb6 axb6 15. Qc2 Bg4 16. Qe4 Bxf3 17. Qxf3 Qd4 18. Qc3 Rad8 19. Re3 Nb4 20. Qb3 Nc6 21. Qc3 Na5 22. Bb3 Nxb3 23. axb3 Rfe8 24. Rae1 h6 25. Re4 Qd2 26. f4 Re7 27. Qxd2 Rxd2 28. R1e2 Red7 29. Kf2 R2d3 30. R4e3 Kf8 31. Rc2 Rd2+ 32. Rxd2 Rxd2+ 33. Re2 Rd4 34. Kf3 Ke7 35. f5 g6 36. g4 gxf5 37. gxf5 b5 38. Re4 Rd3+ 39. Re3 Rd2 40. Re2 Rd1 41. Ke3 Rd5 42. Kf4 Rd4+ 43. Kf3 h5 44. Re4 Rd3+ 45. Re3 Rd1 46. Re2 b6 47. Ke3 Rd5 48. Ke4 Rd4+ 49. Kf3 b4 50. Re4 Rd3+ 51. Re3 Rd1 52. Re2 b5 53. Rc2 Rd3+ 54. Ke4 Rd4+ 55. Ke3 Rd5 56. Ke4 1/2-1/2

[Event "Florida"]
[Site "Florida"]
[Date "2001.??.??"]
[Round "1"]
[White "Della Morte, Pablo"]
[Black "Caramia, Javier"]
[Result "1-0"]
[WhiteElo "2174"]
[BlackElo "2204"]
[PlyCount "57"]
[EventDate "2001.??.??"]
[EventType "tourn"]
[EventRounds "11"]
[EventCountry "ARG"]
[SourceTitle "EXT 2002"]
[Source "ChessBase"]
[SourceDate "2001.11.25"]
[SourceVersion "1"]
[SourceVersionDate "2001.11.25"]
[SourceQuality "1"]

1. e4 e5 2. Nf3 Nc6 3. Bb5 Nf6 4. 0-0 Nxe4 5. d4 Nd6 6. Bxc6 dxc6 7. dxe5 Nf5 8. Qxd8+ Kxd8 9. Nc3 Ke8 10. h3 a5 11. Ne4 a4 12. a3 Be6 13. Re1 h5 14. Bg5 Be7 15. Rad1 b5 16. Nc3 Bxg5 17. Nxg5 Ke7 18. g4 hxg4 19. hxg4 Nh4 20. f3 Rhd8 21. Kf2 Ng6 22. Kg3 Rxd1 23. Nxd1 Nf8 24. Ne3 f6 25. exf6+ gxf6 26. Nf5+ Kd7 27. Ne4 Ra5 28. Nxf6+ Kc8 29. Nd4 1-0

[Event "Florida"]
[Site "Florida"]
[Date "2001.??.??"]
[Round "6"]
[White "Escandell Mari, Juan Carlos"]
[Black "Caramia, Javier"]
[Result "1/2-1/2"]
[WhiteElo "2268"]
[BlackElo "2204"]
[PlyCount "36"]
[EventDate "2001.??.??"]
[EventType "tourn"]
[EventRounds "11"]
[EventCountry "ARG"]
[SourceTitle "EXT 2002"]
[Source "ChessBase"]
[SourceDate "2001.11.25"]
[SourceVersion "1"]
[SourceVersionDate "2001.11.25"]
[SourceQuality "1"]

1. e4 c5 2. Nf3 e6 3. d4 cxd4 4. Nxd4 Nc6 5. Nc3 a6 6. g3 d6 7. Bg2 Bd7 8. 0-0 Nf6 9. a4 Be7 10. Re1 0-0 11. Nb3 Na5 12. Nxa5 Qxa5 13. Bf4 Rfd8 14. Qe2 Rac8 15. Bd2 Qc7 16. a5 Bc6 17. Be3 Nd7 18. Red1 Bf6 1/2-1/2

[Event "Villa Ballester op 51st"]
[Site "Villa Ballester"]
[Date "2001.??.??"]
[Round "2"]
[White "Quiroga, Facundo"]
[Black "Caramia, Javier"]
[Result "1/2-1/2"]
[WhiteElo "2390"]
[BlackElo "2204"]
[PlyCount "97"]
[EventDate "2001.01.02"]
[EventType "swiss"]
[EventRounds "9"]
[EventCountry "ARG"]
[SourceTitle "CBM 080 Extra"]
[Source "ChessBase"]
[SourceDate "2001.03.08"]
[SourceVersion "1"]
[SourceVersionDate "2001.03.08"]
[SourceQuality "1"]

1. Nf3 c5 2. g3 b6 3. Bg2 Bb7 4. 0-0 Nf6 5. d3 d5 6. Nbd2 g6 7. e4 dxe4 8. Ng5 Bg7 9. Ndxe4 Nxe4 10. Nxe4 Nc6 11. Rb1 0-0 12. a3 a5 13. a4 Qd7 14. Nd2 Nd4 15. c3 Bxg2 16. Kxg2 Nc6 17. Nc4 Ne5 18. Nxe5 Bxe5 19. Bh6 Bg7 20. Bxg7 Kxg7 21. f4 Rad8 22. Rf3 Qc6 23. Kf2 Rd5 24. Qc2 Rh5 25. h4 e5 26. Re1 Re8 27. Qb3 Qe6 28. Qxe6 Rxe6 29. Re4 Rf5 30. Rxe5 Rfxe5 31. fxe5 Rxe5 32. Rf4 f5 33. d4 cxd4 34. Rxd4 b5 35. axb5 Rxb5 36. b4 axb4 37. cxb4 h6 38. Ke3 g5 39. Kd3 f4 40. gxf4 gxh4 41. Ke4 h3 42. Kf3 h2 43. Kg2 Rh5 44. Kh1 Rh3 45. Rd6 Rb3 46. Rb6 Rb2 47. f5 h5 48. b5 h4 49. Re6 1/2-1/2

[Event "Villa Martelli CAVM-ch"]
[Site "Villa Martelli"]
[Date "2000.08.06"]
[Round "8.4"]
[White "Caramia, Javier"]
[Black "Zuriel, Alejandro"]
[Result "0-1"]
[WhiteElo "2200"]
[BlackElo "2218"]
[PlyCount "120"]
[EventDate "2000.07.14"]
[EventType "swiss"]
[EventRounds "9"]
[EventCountry "ARG"]
[SourceTitle "EXT 2001"]
[Source "ChessBase"]
[SourceDate "2000.11.22"]
[SourceVersion "1"]
[SourceVersionDate "2000.11.22"]
[SourceQuality "1"]

1. c4 c5 2. Nf3 Nc6 3. d4 cxd4 4. Nxd4 g6 5. e4 Bg7 6. Be3 d6 7. Nc3 Nf6 8. Be2 0-0 9. 0-0 Bd7 10. Qd2 Qa5 11. Rab1 Nxd4 12. Bxd4 Nxe4 13. Qc2 Nxc3 14. bxc3 Bf5 15. Bd3 Bxd3 16. Qxd3 b6 17. Rfe1 Rfe8 18. Bxg7 Kxg7 19. Qd4+ Kg8 20. h4 Rac8 21. h5 Qxh5 22. Re3 Qc5 23. Qh4 Qxc4 24. Qh6 f6 25. Rbe1 Qf7 26. Re6 Rc5 27. Qf4 Re5 28. R6xe5 fxe5 29. Qa4 Rf8 30. f3 e6 31. Qc6 Rd8 32. a4 Qd7 33. Qe4 Rf8 34. Rd1 Qc7 35. Qb4 Rd8 36. Qg4 Qc5+ 37. Kh1 Re8 38. c4 Qc6 39. Qg5 d5 40. Qxe5 Qxc4 41. Rd4 Qc1+ 42. Kh2 Qc6 43. Rf4 Qd7 44. g4 Rd8 45. Rf6 Qd6 46. Rxe6 Qxe5+ 47. Rxe5 d4 48. Re2 d3 49. Rd2 Kf7 50. Kg2 Ke6 51. Kf2 g5 52. Ke1 Rd4 53. a5 bxa5 54. Rh2 Rd7 55. Ra2 Rd5 56. Rh2 a4 57. Rxh7 Ra5 58. Kd2 a3 59. Rh1 a2 60. Ra1 Ra3 0-1

[Event "ARG-chT"]
[Site "Argentina"]
[Date "2000.??.??"]
[Round "5"]
[White "Steinbaum, Fernando"]
[Black "Caramia, Javier"]
[Result "0-1"]
[WhiteElo "2285"]
[BlackElo "2200"]
[PlyCount "64"]
[EventDate "2000.??.??"]
[EventType "team"]
[EventRounds "7"]
[EventCountry "ARG"]
[SourceTitle "EXT 2001"]
[Source "ChessBase"]
[SourceDate "2000.11.22"]
[SourceVersion "1"]
[SourceVersionDate "2000.11.22"]
[SourceQuality "1"]

1. Nf3 Nf6 2. c4 c5 3. Nc3 e6 4. g3 b6 5. Bg2 Bb7 6. 0-0 Be7 7. Re1 0-0 8. e4 a6 9. d4 cxd4 10. Nxd4 Qc7 11. b3 d6 12. Bb2 Nbd7 13. Rc1 Rac8 14. Nc2 Qb8 15. Ne3 Rfe8 16. g4 g5 17. h4 h6 18. hxg5 hxg5 19. Nf1 Ne5 20. f3 d5 21. cxd5 Bc5+ 22. Ne3 exd5 23. Ncxd5 Bxd5 24. Rxc5 Rxc5 25. exd5 Ned7 26. Bd4 Rcc8 27. Nf5 Rxe1+ 28. Qxe1 Nxd5 29. f4 Re8 30. Qb1 Nxf4 31. Nh6+ Kf8 32. Qh7 Nh3+ 0-1

[Event "Villa Ballester op 49th"]
[Site "Villa Ballester"]
[Date "1999.??.??"]
[Round "9"]
[White "Caramia, Javier"]
[Black "De Dovitiis, Alejo"]
[Result "1-0"]
[WhiteElo "2200"]
[BlackElo "2345"]
[PlyCount "99"]
[EventDate "1999.01.??"]
[EventType "swiss"]
[EventRounds "9"]
[EventCountry "ARG"]
[SourceTitle "EXT 2002"]
[Source "ChessBase"]
[SourceDate "2001.11.25"]
[SourceVersion "1"]
[SourceVersionDate "2001.11.25"]
[SourceQuality "1"]

1. c4 c5 2. Nf3 g6 3. d4 cxd4 4. Nxd4 Bg7 5. e4 Nc6 6. Be3 Nf6 7. Nc3 Ng4 8. Qxg4 Nxd4 9. Qd1 Ne6 10. Qd2 Qa5 11. Rc1 0-0 12. a3 d6 13. Be2 Qd8 14. b4 b6 15. 0-0 Bb7 16. Nd5 Kh8 17. f4 f5 18. exf5 gxf5 19. Bf3 Rc8 20. Rfe1 Qd7 21. Bf2 Rg8 22. g3 Bf8 23. Nxb6 axb6 24. Bxb7 Qxb7 25. Rxe6 Rg6 26. Rxg6 hxg6 27. Qd4+ Bg7 28. Qxb6 Qxb6 29. Bxb6 Bb2 30. Rb1 Bxa3 31. Bd4+ Kg8 32. b5 Kf7 33. Kg2 Ke6 34. b6 Rb8 35. b7 Bc5 36. Bxc5 dxc5 37. g4 fxg4 38. Kg3 Kf5 39. Rb6 e5 40. fxe5 Kxe5 41. Kxg4 Kd4 42. Kf4 Rf8+ 43. Kg5 Rb8 44. Kf6 Kxc4 45. Ke7 Kd3 46. Kd6 c4 47. Kc7 Rxb7+ 48. Kxb7 g5 49. Rg6 c3 50. Rxg5 1-0

[Event "Villa Ballester op 49th"]
[Site "Villa Ballester"]
[Date "1999.??.??"]
[Round "3"]
[White "Scarella, Enrique Alejandro"]
[Black "Caramia, Javier"]
[Result "1-0"]
[WhiteElo "2338"]
[BlackElo "2200"]
[PlyCount "61"]
[EventDate "1999.01.??"]
[EventType "swiss"]
[EventRounds "9"]
[EventCountry "ARG"]
[SourceTitle "EXT 2002"]
[Source "ChessBase"]
[SourceDate "2001.11.25"]
[SourceVersion "1"]
[SourceVersionDate "2001.11.25"]
[SourceQuality "1"]

1. d4 Nf6 2. c4 e6 3. g3 c5 4. d5 exd5 5. cxd5 d6 6. Nc3 g6 7. Bg2 Bg7 8. Nf3 0-0 9. 0-0 Na6 10. Nd2 Nc7 11. Nc4 Nfe8 12. a4 b6 13. Qb3 Ba6 14. Bd2 Qd7 15. Rfe1 Bxc4 16. Qxc4 a6 17. Ra3 b5 18. axb5 axb5 19. Nxb5 Rxa3 20. Nxa3 Bxb2 21. Qb3 Bxa3 22. Qxa3 f5 23. Rb1 Qc8 24. Rb6 Qa8 25. Qb2 Qa4 26. Bf3 Qc4 27. Bh6 Rf7 28. Rb8 Qa4 29. h4 Qd7 30. Qb6 Qe7 31. Qxc7 1-0

[Event "Villa Ballester op 48th"]
[Site "Villa Ballester"]
[Date "1998.??.??"]
[Round "5"]
[White "Caramia, Javier"]
[Black "Paglilla, Carlos"]
[Result "0-1"]
[WhiteElo "2195"]
[BlackElo "2405"]
[PlyCount "50"]
[EventDate "1998.??.??"]
[EventType "swiss"]
[EventRounds "9"]
[EventCountry "ARG"]
[SourceTitle "EXT 2002"]
[Source "ChessBase"]
[SourceDate "2001.11.25"]
[SourceVersion "1"]
[SourceVersionDate "2001.11.25"]
[SourceQuality "1"]

1. e4 Nf6 2. e5 Nd5 3. d4 d6 4. Nf3 Nc6 5. c4 Nb6 6. e6 fxe6 7. Ng5 g6 8. Bd3 Nxd4 9. Nxh7 Bg7 10. Bxg6+ Kd7 11. Ng5 Qf8 12. Bd3 c5 13. Nc3 Kc7 14. Ne2 Be5 15. Nxd4 Bxd4 16. Nf3 Bf6 17. Qe2 Qg7 18. g3 Bd7 19. Rb1 Raf8 20. Nd2 Bd4 21. Nf3 Rxf3 22. Qxf3 Bc6 23. Be4 Qe5 24. 0-0 Bxe4 25. Qf7 Rh7 0-1